| 000 | 00454nam a2200157Ia 4500 | ||
|---|---|---|---|
| 008 | 210716s2012 xx 000 0 und d | ||
| 020 | _a9788131727157 | ||
| 041 | _aeng | ||
| 082 | _a658.404 PINJ | ||
| 100 | _aPinto, Jeffrey K. | ||
| 245 |
_aProject management: achieving competitive advantage. _bAchieving competitive advantage. |
||
| 250 | _a1 | ||
| 260 |
_aNew Delhi _bPearson Education _c2012 |
||
| 300 | _axxi,490 | ||
| 650 | _aProject Management | ||
| 999 |
_c207475 _d207475 |
||